00618nam a22000977a 4500040000800000082000900008100004100017245041100058260002600469300002500495 cRUA aLMA  aKIM SOKLY, គឹម សុខលី aA study on requesting public service via electronic system in the land sector in doungkor district, cambodia, សិក្សាពីការស្នើរសុំសេវាសាធារណៈតាមប្រព័ន្ធអេឡិចត្រូនិចលើវិស័យសុរិយោដី ស្ថិតនៅខណ្ឌដង្កោ រាជធានីភ្នំពេញ aPHNOM PENHbRUAc2025 axi,51p.bill.c29cm.